The living plant
Guardat en:
| Autor principal: | |
|---|---|
| Format: | Llibre |
| Idioma: | anglès |
| Publicat: |
New York, USA
Holt, Rinehart & Winston
1963
|
| Col·lecció: | Modern Biology Series
|
| Matèries: | |
| Etiquetes: |
Afegir etiqueta
Sense etiquetes, Sigues el primer a etiquetar aquest registre!
|
MARC
| LEADER | 00000nam a2200000 a 4500 | ||
|---|---|---|---|
| 001 | UCT3752 | ||
| 003 | CL-VaPUC | ||
| 005 | 20210909074856.0 | ||
| 008 | 961031e19630000US |||||||||||||||||eng|d | ||
| 999 | |c 253301 |d 253299 | ||
| 040 | |c Pontificia Universidad Católica de Valparaíso | ||
| 082 | 0 | 4 | |a 581 RAY 1963 |2 21 |
| 100 | 0 | |a Ray, Peter Martin |9 372766 | |
| 245 | 1 | 4 | |a The living plant |
| 260 | 0 | 3 | |a New York, USA |b Holt, Rinehart & Winston |c 1963 |
| 300 | |a 127 páginas | ||
| 490 | 0 | |a Modern Biology Series | |
| 583 | |a last modification |c 19961031 00:00:00 |k Rodrigo Vera | ||
| 650 | 0 | |a Botánica |9 264202 | |
| 650 | 0 | |a Plantas |9 264555 | |
| 650 | 0 | |a Citología |9 261432 | |
| 650 | 7 | |a FISIOLOGIA |2 CL-VaPUC |9 372767 | |
| 650 | 0 | |a Morfología |9 334440 | |
| 650 | 7 | |a REPRODUCCION DE LAS PLANTAS |2 CL-VaPUC |9 264393 | |
| 650 | 0 | |a Semillas |9 264396 | |
| 942 | |c BK |2 ddc | ||
| 945 | |d 19961031 00:00:00 |a cmena | ||
| 952 | |0 0 |1 0 |2 ddc |4 0 |6 581_000000000000000_RAY_1963 |7 0 |8 A |9 273978 |a BIBCUR |b BIBCUR |d 2019-11-19 |i 177283K |o 581 RAY 1963 |p 177283K |r 2025-04-22 |t 1 |w 2019-11-19 |y BK |k BIO | ||